[Event "Titled Tuesday intern op 04th Jul Early"]
[Site "Chess.com INT"]
[Date "2023.07.04"]
[Round "2"]
[White "Senthilkumar, Pranav"]
[Black "Panesar, Vedant"]
[Result "0-1"]
[WhiteElo "1854"]
[BlackElo "2391"]
[PlyCount "84"]
[EventDate "2023.07.04"]
[EventType "swiss (blitz)"]
[EventRounds "11"]
[EventCountry "USA"]
[SourceTitle "EXT 2024"]
[Source "ChessBase"]
[SourceDate "2023.10.10"]
[SourceVersion "1"]
[SourceVersionDate "2023.10.10"]
[SourceQuality "1"]

1. Nf3 d5 2. d4 Nf6 3. g3 Bf5 4. Bg2 e6 5. 0-0 Be7 6. c4 c6 7. Nc3 dxc4 8. Ne5 0-0 9. Nxc4 Nbd7 10. Bf4 Nb6 11. Ne5 Nbd7 12. Nc4 Nb6 13. Ne5 Nfd7 14. Rc1 Nxe5 15. Bxe5 Bf6 16. e4 Bg6 17. Bxf6 Qxf6 18. d5 e5 19. Qb3 Rfd8 20. Rfd1 Bh5 21. Rd2 Qh6 22. Rcc2 Rd6 23. a4 cxd5 24. exd5 Bg6 25. Be4 Rad8 26. Bxg6 Qxg6 27. a5 Nd7 28. Qxb7 Nf6 29. Nb5 R6d7 30. Qc6 h5 31. d6 h4 32. a6 h3 33. Qf3 Ne4 34. Re2 Nxd6 35. Nc3 Nb5 36. Rc1 Nd4 37. Qe3 Nxe2+ 38. Qxe2 Qc6 39. f3 Rd2 40. Qe3 Qxa6 41. Qxe5 Qb6+ 42. Kh1 Qf2 0-1

[Event "Titled Tuesday intern op 11th Apr Late"]
[Site "Chess.com INT"]
[Date "2023.04.11"]
[Round "1"]
[White "Koziorowicz, Michal"]
[Black "Senthilkumar, Pranav"]
[Result "1-0"]
[WhiteElo "2321"]
[BlackElo "1854"]
[PlyCount "131"]
[EventDate "2023.04.11"]
[EventType "swiss (blitz)"]
[EventRounds "11"]
[EventCountry "USA"]
[SourceTitle "CBM 213 Extra"]
[Source "ChessBase"]
[SourceDate "2023.05.31"]
[SourceVersion "1"]
[SourceVersionDate "2023.05.31"]
[SourceQuality "1"]

1. Nf3 Nf6 2. g3 d5 3. Bg2 c5 4. 0-0 Nc6 5. d4 cxd4 6. Nxd4 e6 7. b3 Be7 8. Bb2 0-0 9. Nc3 Bd7 10. e4 dxe4 11. Nxe4 Nxe4 12. Bxe4 Bf6 13. Nxc6 Bxc6 14. Bxf6 Qxf6 15. Bxc6 bxc6 16. c4 Rad8 17. Qe2 Rd4 18. Rfe1 Rfd8 19. Qe5 Qf3 20. Qe3 Qf6 21. Kg2 h5 22. h4 Rd3 23. Qe2 g6 24. Rf1 Rd2 25. Qf3 Qxf3+ 26. Kxf3 R8d3+ 27. Kg2 Kf8 28. Rfe1 Ke7 29. Re5 Rc2 30. Ra5 Rdd2 31. Rxa7+ Kf6 32. Rf1 Rxa2 33. Rxa2 Rxa2 34. Rb1 Rc2 35. Kf3 Ke5 36. Ke3 Kd6 37. f3 Kc5 38. Kd3 Rg2 39. b4+ Kb6 40. Ke4 Rxg3 41. Kf4 Rg2 42. Ke5 g5 43. hxg5 Rxg5+ 44. Kd6 Rf5 45. Rh1 Rxf3 46. Rxh5 Rf4 47. Rc5 Rd4+ 48. Ke7 Rf4 49. Kd6 Rd4+ 50. Ke5 Rd1 51. Ra5 Rb1 52. Kd6 Rd1+ 53. Ke5 Rb1 54. Kd6 Rd1+ 55. Ke7 Rb1 56. c5+ Kb7 57. Kxf7 Rxb4 58. Kxe6 Rb5 59. Rxb5+ cxb5 60. Kd7 b4 61. c6+ Kb6 62. c7 Kb5 63. c8Q Ka4 64. Qc2+ Ka3 65. Kc6 b3 66. Qb1 1-0

[Event "Titled Tuesday intern op 11th Apr Late"]
[Site "Chess.com INT"]
[Date "2023.04.11"]
[Round "10"]
[White "Mendez Fortes, Eduardo Jesus"]
[Black "Senthilkumar, Pranav"]
[Result "1-0"]
[WhiteElo "2250"]
[BlackElo "1854"]
[PlyCount "67"]
[EventDate "2023.04.11"]
[EventType "swiss (blitz)"]
[EventRounds "11"]
[EventCountry "USA"]
[SourceTitle "CBM 213 Extra"]
[Source "ChessBase"]
[SourceDate "2023.05.31"]
[SourceVersion "1"]
[SourceVersionDate "2023.05.31"]
[SourceQuality "1"]

1. e4 c5 2. Nf3 e6 3. d4 cxd4 4. Nxd4 Nc6 5. Nc3 Qc7 6. Be3 a6 7. Qd2 Nf6 8. 0-0-0 Be7 9. f3 b5 10. g4 Bb7 11. g5 Nh5 12. Kb1 Rc8 13. Nxc6 Bxc6 14. Ne2 0-0 15. Ng3 Nxg3 16. hxg3 Qxg3 17. Rh3 Qe5 18. Bf4 Qc5 19. Qh2 h6 20. gxh6 g6 21. Be5 Kh7 22. Bd4 Qb4 23. c3 Qa4 24. Rc1 f6 25. e5 f5 26. Bd3 b4 27. b3 Qa5 28. c4 Qc7 29. Rg1 Rg8 30. Rhg3 g5 31. f4 g4 32. Rxg4 Rxg4 33. Rxg4 Bf8 34. Qh5 1-0

[Event "Titled Tuesday intern op 11th Apr Late"]
[Site "Chess.com INT"]
[Date "2023.04.11"]
[Round "5"]
[White "Quispe Santacruz, Javier"]
[Black "Senthilkumar, Pranav"]
[Result "0-1"]
[WhiteElo "1832"]
[BlackElo "1854"]
[PlyCount "56"]
[EventDate "2023.04.11"]
[EventType "swiss (blitz)"]
[EventRounds "11"]
[EventCountry "USA"]
[SourceTitle "CBM 213 Extra"]
[Source "ChessBase"]
[SourceDate "2023.05.31"]
[SourceVersion "1"]
[SourceVersionDate "2023.05.31"]
[SourceQuality "1"]

1. d4 Nf6 2. c4 e6 3. Nf3 b6 4. g3 Bb4+ 5. Bd2 Be7 6. Bg2 Bb7 7. 0-0 0-0 8. Nc3 c5 9. Rc1 Nc6 10. d5 Na5 11. b3 exd5 12. Nh4 Ne4 13. Nf5 Nxc3 14. Bxc3 d4 15. Bxb7 Nxb7 16. Bd2 Nd6 17. Qc2 Nxf5 18. Qxf5 Bf6 19. h4 Re8 20. Rfe1 Re5 21. Qf3 Re8 22. h5 h6 23. g4 Rc8 24. Kg2 Bg5 25. Bf4 Rc6 26. Bxg5 Qxg5 27. Qg3 Rce6 28. Rc2 d3 0-1

[Event "Titled Tuesday intern op 11th Apr Late"]
[Site "Chess.com INT"]
[Date "2023.04.11"]
[Round "9"]
[White "Senthilkumar, Pranav"]
[Black "Rosen, Eric S"]
[Result "1-0"]
[WhiteElo "1854"]
[BlackElo "2357"]
[PlyCount "61"]
[EventDate "2023.04.11"]
[EventType "swiss (blitz)"]
[EventRounds "11"]
[EventCountry "USA"]
[SourceTitle "CBM 213 Extra"]
[Source "ChessBase"]
[SourceDate "2023.05.31"]
[SourceVersion "1"]
[SourceVersionDate "2023.05.31"]
[SourceQuality "1"]

1. d4 d5 2. Nf3 Nf6 3. c4 e6 4. h3 dxc4 5. Qa4+ Nbd7 6. Qxc4 c5 7. e3 Rb8 8. Qd3 b5 9. Nc3 a6 10. Be2 Bb7 11. 0-0 Bd6 12. b3 Qc7 13. Bb2 cxd4 14. Nxd4 Ne5 15. Qd2 b4 16. Ncb5 Qe7 17. Nf5 exf5 18. Nxd6+ Kf8 19. Nxf5 Qc5 20. Bxe5 Qxe5 21. Qxb4+ Ke8 22. Nd6+ Kd7 23. Nxb7 Nd5 24. Qa4+ Ke7 25. Na5 Rb4 26. Nc6+ Kd6 27. Nxe5 Rxa4 28. bxa4 Kxe5 29. Bxa6 h6 30. Rac1 g5 31. Rc5 1-0